|
|
|
|
| LEADER |
01137cam a22003251a 4500 |
| 001 |
000035745 |
| 003 |
12036 |
| 005 |
20240910150344.0 |
| 008 |
160318s2000 vm 000 vie |
| 040 |
|
|
|a LNN
|
| 041 |
|
|
|a vie
|
| 082 |
|
|
|a 895.9213
|b Ti-C
|
| 100 |
|
|
|a Mai Hương
|
| 245 |
|
0 |
|a Tiếng cười Tú Mỡ / Mai Hương tuyển chọn và biên soạn. /
|c Mai Hương.
|
| 260 |
|
|
|a Văn hoá thông tin,
|c 2000.
|
| 300 |
|
|
|a 497tr.:nh;20cm.
|
| 650 |
|
|
|a Tiếng cười Tú Mỡ / Mai Hương tuyển chọn và biên soạn.
|
| 852 |
|
|
|c Sách tham khảo
|
| OWN |
|
|
|a LNN
|
| AVA |
|
|
|a UDN50
|b LNN
|d 895.9213 Ti-C
|e available
|t Error 5001 Not defined in file expand_doc_bib_avail.
|f 1
|g 0
|h N
|i 0
|k 1
|
| 999 |
|
|
|a From the UDN01
|
| AVA |
|
|
|a UDN50
|b LNN
|d 895.9213 Ti-C
|e available
|t Error 5001 Not defined in file expand_doc_bib_avail.
|f 1
|g 0
|h N
|i 0
|k 1
|
| TYP |
|
|
|a Monograph
|
| TYP |
|
|
|a Printed language
|
| 980 |
|
|
|a Mạng thư viện Đại học Đà Nẵng
|